<?xml version="1.0" encoding="UTF-8"?>
<record
    xmlns:xsi="http://www.w3.org/2001/XMLSchema-instance"
    xsi:schemaLocation="http://www.loc.gov/MARC21/slim http://www.loc.gov/standards/marcxml/schema/MARC21slim.xsd"
    xmlns="http://www.loc.gov/MARC21/slim">

  <leader>01127nam a22002537a 4500</leader>
  <controlfield tag="005">20170124103120.0</controlfield>
  <datafield tag="010" ind1=" " ind2=" ">
    <subfield code="a">B-071011</subfield>
  </datafield>
  <datafield tag="020" ind1=" " ind2=" ">
    <subfield code="c">100.00</subfield>
    <subfield code="a">8185244677</subfield>
  </datafield>
  <datafield tag="035" ind1=" " ind2=" ">
    <subfield code="a">B-071011</subfield>
  </datafield>
  <datafield tag="037" ind1=" " ind2=" ">
    <subfield code="b">Cen Lib/Ret</subfield>
  </datafield>
  <datafield tag="040" ind1=" " ind2=" ">
    <subfield code="a">DPL</subfield>
    <subfield code="b">HN</subfield>
  </datafield>
  <datafield tag="082" ind1=" " ind2=" ">
    <subfield code="a">394.2</subfield>
    <subfield code="b">&#x915;&#x94C;&#x936;&#x93F;&#x915; </subfield>
  </datafield>
  <datafield tag="100" ind1=" " ind2=" ">
    <subfield code="a">&#x915;&#x94C;&#x936;&#x93F;&#x915;, &#x91C;&#x92F; &#x928;&#x93E;&#x930;&#x93E;&#x92F;&#x923; </subfield>
    <subfield code="9">43705</subfield>
  </datafield>
  <datafield tag="245" ind1=" " ind2=" ">
    <subfield code="a">&#x939;&#x92E;&#x93E;&#x930;&#x947; &#x924;&#x940;&#x91C;-&#x924;&#x94D;&#x92F;&#x94B;&#x939;&#x93E;&#x930; &#x914;&#x930; &#x92E;&#x947;&#x932;&#x947; /</subfield>
    <subfield code="c">&#x91C;&#x92F; &#x928;&#x93E;&#x930;&#x93E;&#x92F;&#x923; &#x915;&#x94C;&#x936;&#x93F;&#x915;</subfield>
  </datafield>
  <datafield tag="246" ind1=" " ind2=" ">
    <subfield code="a">Hamare teej-tyohar aur mele /</subfield>
    <subfield code="b">by Jay Narayan Kaushik </subfield>
  </datafield>
  <datafield tag="260" ind1=" " ind2=" ">
    <subfield code="a">&#x928;&#x908; &#x926;&#x93F;&#x932;&#x94D;&#x932;&#x940; </subfield>
    <subfield code="b">&#x939;&#x93F;&#x928;&#x94D;&#x926;&#x940; &#x92C;&#x941;&#x915; &#x938;&#x947;&#x902;&#x91F;&#x930; </subfield>
    <subfield code="c">2003</subfield>
  </datafield>
  <datafield tag="270" ind1=" " ind2=" ">
    <subfield code="b">&#x928;&#x908; &#x926;&#x93F;&#x932;&#x94D;&#x932;&#x940; </subfield>
    <subfield code="a"> 4/5-&#x92C;&#x940; , &#x906;&#x938;&#x92B; &#x905;&#x932;&#x940; &#x930;&#x94B;&#x921;</subfield>
    <subfield code="e">110002</subfield>
  </datafield>
  <datafield tag="300" ind1=" " ind2=" ">
    <subfield code="a">98&#x92A;&#x943;. </subfield>
    <subfield code="c">20&#x938;&#x947;&#x92E;&#x940;(&#x938;&#x91C;&#x93F;&#x932;&#x94D;&#x926;)</subfield>
  </datafield>
  <datafield tag="650" ind1=" " ind2=" ">
    <subfield code="a">&#x92D;&#x93E;&#x930;&#x924;&#x940;&#x92F; &#x924;&#x94D;&#x92F;&#x94B;&#x939;&#x93E;&#x930; &#x914;&#x930; &#x92E;&#x947;&#x932;&#x947; </subfield>
    <subfield code="9">81766</subfield>
  </datafield>
  <datafield tag="650" ind1=" " ind2=" ">
    <subfield code="a">&#x92D;&#x93E;&#x930;&#x924;&#x940;&#x92F; -- &#x938;&#x94D;&#x925;&#x93E;&#x928;&#x940;&#x92F; &#x924;&#x94D;&#x92F;&#x94B;&#x939;&#x93E;&#x930; </subfield>
    <subfield code="9">46379</subfield>
  </datafield>
  <datafield tag="650" ind1=" " ind2=" ">
    <subfield code="a">Indian Festivals and Fairs</subfield>
    <subfield code="9">81767</subfield>
  </datafield>
  <datafield tag="650" ind1=" " ind2=" ">
    <subfield code="a">Indian - local festival</subfield>
    <subfield code="9">81768</subfield>
  </datafield>
  <datafield tag="942" ind1=" " ind2=" ">
    <subfield code="2">ddc</subfield>
    <subfield code="c">HN</subfield>
    <subfield code="h">394.2</subfield>
    <subfield code="m">&#x915;&#x94C;&#x936;&#x93F;&#x915; </subfield>
  </datafield>
  <datafield tag="999" ind1=" " ind2=" ">
    <subfield code="c">118755</subfield>
    <subfield code="d">118755</subfield>
  </datafield>
  <datafield tag="952" ind1=" " ind2=" ">
    <subfield code="0">0</subfield>
    <subfield code="1">0</subfield>
    <subfield code="4">0</subfield>
    <subfield code="7">0</subfield>
    <subfield code="a">L</subfield>
    <subfield code="b">L</subfield>
    <subfield code="d">2015-09-12</subfield>
    <subfield code="e">Cen Lib/Ret</subfield>
    <subfield code="g">100.00</subfield>
    <subfield code="l">1</subfield>
    <subfield code="o">394.2 &#x915;&#x94C;&#x936;&#x93F;&#x915;</subfield>
    <subfield code="p">B-071011</subfield>
    <subfield code="r">2018-11-13 00:00:00</subfield>
    <subfield code="s">2018-11-12</subfield>
    <subfield code="t">1</subfield>
    <subfield code="v">100.00</subfield>
    <subfield code="w">2015-09-12</subfield>
    <subfield code="y">HN</subfield>
  </datafield>
</record>
